00543nam a2200241Ia 450000500170000000800460001702000180006303700070008104000080008804000080009604000080010404100080011204100080012008400180012808400080014610000290015424500440018324500290022726000100025626000170026626000090028330000090029220260401122417.0008 250103s9999 xx 000 0 eng d a9780670084555 aTB aEDL beng cEDL 2eng aeng a891.4409 BHA  qEDL aBhattacharya, Sabyasachi 0aRabindranath Tagore: An Interpretation 0cBhattacharya, Sabyasachi aDelhi bPenguin book c2011 a306p